| 000 | 01463ntaaa2200457 4500 | ||
|---|---|---|---|
| 003 | 01 | ||
| 005 | 20251027202353.0 | ||
| 008 | 0714s1973 ag 01 | ||
| 020 | _a950861269x | ||
| 040 |
_aAR-BaBN _bspa _cAR-BaBN _eaacr _dRIC |
||
| 082 | _a289.0000 Se6s | ||
| 100 |
_aSerna, Eduardo de la _922412 |
||
| 245 | _aLas sectas: un desafio | ||
| 250 | _a1 ed. | ||
| 260 |
_aBuenos Aires : _bSan Pablo, _c1996 |
||
| 300 |
_a220 p ; _c21 cm |
||
| 500 | _aVarias sectas y movimientos religiosos como: Nueva Era; Niños de Dios; Iglesia de la Unificación; Cultos afrobrasileños; Espiritualistas; Testigos de Jehová; Mormones. Incluye a Bautistas, Adventistas; Pentecostales | ||
| 650 |
_aSectas _92314 |
||
| 650 |
_aNueva Era _96369 |
||
| 650 |
_aNiños de Dios _922413 |
||
| 650 |
_aIglesia de la Unificación _922414 |
||
| 650 |
_aCultos afrobrasileños _922415 |
||
| 650 |
_aEspiritualistas _922416 |
||
| 650 | _aTestigos de Jehová | ||
| 650 | _aMormones | ||
| 650 |
_aBautistas _914480 |
||
| 650 | _aAdventistas | ||
| 650 |
_aPentecostales _94666 |
||
| 650 | _aTestigos de Jehova | ||
| 650 |
_aCultos orientalistas _922417 |
||
| 650 |
_aSai Baba _922418 |
||
| 650 |
_aAre Krishna _922419 |
||
| 650 |
_aNuevos Apostólicos _922420 |
||
| 650 |
_aTradición Familia y Propiedad _922421 |
||
| 650 | _aAngeles | ||
| 650 |
_aAutoayuda _922422 |
||
| 650 |
_aEncarnacion _96279 |
||
| 650 | _aSanidad | ||
| 650 |
_aCarisma _922423 |
||
| 942 | _cBK | ||
| 999 |
_c18616 _d18616 |
||